| 000 | 01930nam a2200409 c 4500 | ||
|---|---|---|---|
| 003 | BLK | ||
| 005 | 20180422102511.0 | ||
| 008 | 180408b bul|||||r ||||||| ||bul|| | ||
| 010 | _aKNG00066570000 | ||
| 020 |
_a954-9700-40 -2 _bиздат.: Омофор |
||
| 040 | _aBLK | ||
| 041 |
_aBUL _cBUL |
||
| 080 |
_aНехристиянски религии. Митология. Различни култове _b29 _x(091) _z29(091) |
||
| 080 |
_aХристиянска религия _b23/28 _x _z23/28 |
||
| 100 | 1 |
_aЧестъртън, Джилбърт Кийт _eпърви автор _9290730 |
|
| 700 | 1 |
_aЧестъртън, Гилбърт Кийт _e* _9370130 |
|
| 700 | 1 |
_aНиколова, Ваня _eпрев. от англ. _9370131 |
|
| 139 |
_aЧестъртън, Джилбърт Кийт _bЧ 74 |
||
| 245 | 1 | 0 |
_aВечният човек _cДжилбърт Кийт Честъртън; * Гилбърт Кийт Честъртън; прев. от англ. Ваня Николова. |
| 257 | _aGBR | ||
| 260 |
_аСофия _bОмофор _c2005 |
||
| 300 |
_a376 с. _c22 см |
||
| 380 | _a2 | ||
| 500 | _aБез сведение за ориг. загл. - съдържа и Неочакваното здравомислие а Джилбърт Кийт Честъртън / Сергей Аверинцев ; Прев. от рус. Николай Фенерски ; За праисторическия човек ; За авторитета и прецизността | ||
| 650 | 4 |
_aЧовек - религиозно-философски проблеми _9290731 |
|
| 650 | 4 |
_aРелигии - история _9245761 |
|
| 650 | 4 |
_aМитология _9162418 |
|
| 650 | 4 |
_aХристиянство _9176914 |
|
| 653 | _aчовек | ||
| 653 | _aрелигия | ||
| 653 | _aмитология | ||
| 852 | _aЦб 228199 | ||
| 856 | 4 |
_qpdf _u |
|
| 856 | 4 |
_qpdf _u |
|
| 942 |
_cKNG _n0 |
||
| 944 |
_aCR _c21.06.2006 _kЦветанка_Енчева |
||
| 944 |
_aED _c27.06.2006 _k |
||
| 999 |
_c62354 _d62354 |
||